| 000 | 00000nam 2200000za 4500 |
| 001 | 9.571385 |
| 003 | CaOODSP |
| 005 | 20210624182710 |
| 007 | cr ||||||||||| |
| 008 | 150406s2000||||xxc|||||o f|0| 0 eng d |
| 040 | |aCaOODSP|beng |
| 043 | |an-cn--- |
| 086 | 1 |aCC173-3/1-119E-PDF |
| 110 | 2 |aCanadian Nuclear Safety Commission. |
| 245 | 10|aPolicy on human factors |h[electronic resource] |
| 260 | |aOttawa - Ontario : |bCanadian Nuclear Safety Commission |cOctober 2000. |
| 300 | |a7p. |
| 490 | 1 |aRegulatory policy |vP-119 |
| 500 | |aThe catalogue number (CC173-3/1-119E) and ISBN (0-662-29521-8) for the print edition have been incorrectly copied in this electronic publication. |
| 590 | |a11-14-Supp|b2011-08-12 |
| 775 | 08|tPolitique sur les facteurs humains |w(CaOODSP)9.601999 |
| 776 | 0#|tPolicy on human factors |w(CaOODSP)9.615366 |
| 830 | #0|aRegulatory policy (Canadian Nuclear Safety Commission : Online)|vP-119|w(CaOODSP)9.505067 |
| 856 | 40|ahttp://publications.gc.ca|qPDF|s127 KB|uhttps://publications.gc.ca/collections/Collection/CC173-3-1-119E.pdf|yP-119 |